Loyola-Chicago Basketball: Top 10 All-Time Leaders - Statistics

General Stats
  • This quiz has been taken 4 times
    1 since last reset
  • The average score is 4 of 91
Answer Stats
Category # Player Amount % Correct
Points 1 Alfredrick Hughes 2,914
100%
Rebounds T4 Alfredrick Hughes 982
100%
Steals 9 Alfredrick Hughes 140
100%
Points Per Game 2 Alfredrick Hughes 24.3
100%
Games T7 Aher Uguak 129
0%
Field Goal Percent 10 Andre Battle 48.4%
0%
Rebounds 8 Andre Moore 928
0%
Blocks 1 Andre Moore 176
0%
Field Goal Percent 3 Andre Moore 51.9%
0%
Rebounds 3 Andy Polka 989
0%
Games 4 Andy Polka 135
0%
Blocks 3 Ben Averkamp 148
0%
Steals T10 Ben Richardson 139
0%
Three Pointers Made 9 Ben Richardson 156
0%
Games T9 Ben Richardson 127
0%
Points Per Game 5 Bernard Jackson 19.6
0%
Blocks 2 Bernie Salthe 152
0%
Points 4 Blake Schilb 1,879
0%
Assists 8 Blake Schilb 430
0%
Steals 5 Blake Schilb 159
0%
Three Pointers Made 4 Blake Schilb 204
0%
Assists 4 Braden Norris 506
0%
Three Pointers Made 2 Braden Norris 261
0%
Games T9 Braden Norris 127
0%
Points 5 Cameron Krutwig 1,833
0%
Rebounds 7 Cameron Krutwig 946
0%
Assists 9 Cameron Krutwig 373
0%
Blocks 4 Cameron Krutwig 115
0%
Field Goal Percent 1 Cameron Krutwig 59.6%
0%
Games 5 Cameron Krutwig 134
0%
Points 7 Carl Golston 1,625
0%
Assists 2 Carl Golston 649
0%
Points Per Game 8 Carl Golston 17.9
0%
Blocks 5 Chris Rogers 100
0%
Games T7 Christian Thomas 129
0%
Assists 10 Chris Wilburn 372
0%
Steals T10 Chris Wilburn 139
0%
Rebounds 10 Clarence Reid 888
0%
Three Pointers Made 5 Clayton Custer 179
0%
Points 8 Darius Clemons 1,610
0%
Assists 1 Darius Clemons 703
0%
Points 3 David Bailey 1,933
0%
Assists 3 David Bailey 580
0%
Steals 4 David Bailey 172
0%
Three Pointers Made T7 David Bailey 166
0%
Blocks T6 Demetrius Williams 93
0%
Three Pointers Made 10 Derek Molis 146
0%
Three Pointers Made 1 Devon Turk 262
0%
Games 6 Devon Turk 131
0%
Three Pointers Made 6 Donte Ingram 175
0%
Games 3 Donte Ingram 136
0%
Blocks 9 Donyale Bush 90
0%
Assists 7 Earl Brown 448
0%
Steals 3 Earl Brown 184
0%
Steals 7 Greg Williams 143
0%
Rebounds 9 Javan Goodman 908
0%
Blocks T6 Javan Goodman 93
0%
Points 6 Jerry Harkness 1,749
0%
Field Goal Percent 9 Jerry Harkness 48.8%
0%
Points Per Game 3 Jerry Harkness 21.6
0%
Field Goal Percent 8 Jim Tillman 49.6%
0%
Steals 1 Keir Rogers 227
0%
Field Goal Percent 7 Keir Rogers 50.0%
0%
Assists 5 Keith Carter 482
0%
Points 2 Keith Gailes 2,026
0%
Points Per Game 1 Keith Gailes 24.7
0%
Field Goal Percent 2 Kerman Ali 56.6%
0%
Field Goal Percent 6 Kevin Sprewer 50.5%
0%
Points Per Game 10 Larry Knight 17.6
0%
Rebounds 1 LaRue Martin 1,062
0%
Points Per Game 6 LaRue Martin 18.2
0%
Points Per Game 9 Leroy Stampley 17.8
0%
Rebounds 2 Les Hunter 1,017
0%
Field Goal Percent 5 Les Hunter 50.6%
0%
Blocks 10 Louis Smith 80
0%
Steals 2 Lucas Williamson 190
0%
Three Pointers Made 3 Lucas Williamson 223
0%
Games 1 Lucas Williamson 150
0%
Steals 8 Majak Kou 142
0%
Blocks 8 Majak Kou 91
0%
Three Pointers Made T7 Majak Kou 166
0%
Points 9 Milton Doyle 1,606
0%
Assists 6 Milton Doyle 459
0%
Steals 6 Milton Doyle 151
0%
Points Per Game 4 Ralph Vallot 20.1
0%
Games 2 Tom Welch 148
0%
Points 10 Tony Parker 1,605
0%
Rebounds T4 Vic Rouse 982
0%
Points Per Game 7 Walter Robinson 18.0
0%
Rebounds 6 Wayne Sappleton 977
0%
Field Goal Percent 4 Wayne Sappleton 51.7%
0%
No matching quizzes found
Score Distribution
Percent of People with Each Score
Percentile by Number Answered
Your Score History
You have not taken this quiz since the last reset